000 02252cam a22004217a 4500
001 17247717
005 20210414114507.0
007 co uga---uuuuu
008 120409s2005 paua b 001 0 eng
010 _a 2012452215
016 7 _a101235239
_2DNLM
020 _a0721603114 (pbk.)
020 _a9780721603117 (pbk.)
035 _a(OCoLC)ocm56968838
040 _aNLM
_cNLM
_dTXM
_dCUS
_dIXA
_dBAKER
_dMUQ
_dYDXCP
_dCGC
_dAU@
_dHALCL
_dBDX
_dDLC
042 _anlmcopyc
_alccopycat
050 0 0 _aRT41
_b.D443 2005
060 0 0 _a2004 N-144
060 1 0 _aWY 100
_bD521f 2005
082 0 4 _a610.73
_222
100 1 _aDeWit, Susan C.
245 1 0 _aFundamental concepts and skills for nursing: students learning guide. /
_cSusan C. deWit ; photographs by Jack Sanders.
250 _a3rd ed.
260 _aPhiladelphia :
_bElsevier,
_cc2005.
300 _axii, 526 p. :
_bill. ;
_c28 cm. +
504 _aIncludes bibliographical references and index.
505 _aContents: Introduction to nursing and he health care system -- The Nursing process -- Communication in nursing -- Developmental, psychosocial and cultural considerations -- Basic nursing skills
520 1 _a"The first edition of Fundamental Concepts and Skills for Nursing rapidly became the textbook of choice for both students and instructors. By providing just the right level of coverage of the fundamental concepts and skills for the LPN/LVN student, combined with a superior teaching and learning package, this new edition will continue to be the textbook of choice for many years to come!."--BOOK JACKET.
650 0 _aNursing.
650 1 2 _aNursing Process.
650 2 2 _aNursing Care.
650 6 _aSoins infirmiers.
776 0 8 _iOnline version:
_aDeWit, Susan C.
_tFundamental concepts and skills for nursing: student learning guide.
_b3rd ed.
_dPhiladelphia : Elsevier, c2009
_w(OCoLC)607529875
776 0 8 _iOnline version:
_aDeWit, Susan C.
_tFundamental concepts and skills for nursing: student learning guide.
_b3rd ed.
_dPhiladelphia : Elsevier, c2009
_w(OCoLC)608896110
906 _a7
_bcbc
_ccopycat
_d2
_eepcn
_f20
_gy-gencatlg
942 _2lcc
_cBK
999 _c5797
_d13297